00364pam a2200121 a 4500020000500000041000500005082001900010100002000029245011400049250001000163260005300173300001600226 c h a791.43024bSMI aThomes & Smith. aIndustrial Light of Magic An Special effortsbIndustrial Light of Magic An Special effortshTextual Documents a1986. a[s.l]:bA Del Rey Book Ballantine Books New York a278:bHard.